Catalog

Record Details

Catalog Search



The last kids on Earth and the forbidden fortress ... Read More

Brallier, Max,(author.).
Holgate, Douglas,(illustrator.).

Available copies

  • 3 of 4 copies available at LARL/NWRL Consortium.
  • 1 of 2 copies available at Lake Agassiz Regional Library. (Show preferred library)

Current holds

1 current hold with 4 total copies.

Show All Copies
Location Call Number / Copy Notes Barcode Shelving Location Status Due Date
Barnesville Public Library J BRA (Text) 33500013677000 Main Available -
Godel Memorial-Warren Library j BRA (Text) 35500006613465 Main Available -
Warroad Public Library j BRA (Text) 35500006926735 Main Available -

Record details

  • ISBN: 9780593405239
  • ISBN: 0593405234
  • Physical Description: 355 pages : illustrations ; 22 cm
  • Publisher: New York : Viking, 2022.

Content descriptions

General Note:
"Netflix. A Netflix original series"--Cover
Summary, etc.:
Picking up after Quint and Dirk's Hero Quest, the ... Read More
Subject: Monsters > Juvenile fiction.
Survival > Juvenile fiction.
Voyages and travels > Juvenile fiction.
Supervillains > Juvenile fiction.
Genre: Action and adventure fiction.
Humorous fiction.
Monster fiction.
Horror fiction.
LDR 02004cam a2200445 i 4500
001398057
003LARL_NWRL_CONSORTIUM
00520220921211215.0
008220629t20222022nyua c 000 1 eng d
040 . ‡aQQ3 ‡beng ‡erda ‡cQQ3 ‡dOCO ‡dRNL ‡dIUK ‡dJQF ‡dVP@
020 . ‡a9780593405239 ‡q(hardcover)
020 . ‡a0593405234 ‡q(hardcover)
035 . ‡a(OCoLC)1333897864
08204. ‡a813/.6 ‡a[Fic] ‡223
1001 . ‡aBrallier, Max, ‡eauthor. ‡0(LARL_NWRL_CONSORTIUM)222489
24514. ‡aThe last kids on Earth and the forbidden fortress / ‡cMax Brallier & Douglas Holgate.
2463 . ‡aLast kids on Earth & the forbidden fortress
24630. ‡aForbidden fortress
264 1. ‡aNew York : ‡bViking, ‡c2022.
264 4. ‡c©2022
300 . ‡a355 pages : ‡billustrations ; ‡c22 cm
336 . ‡atext ‡btxt ‡2rdacontent
336 . ‡astill image ‡bsti ‡2rdacontent
337 . ‡aunmediated ‡bn ‡2rdamedia
338 . ‡avolume ‡bnc ‡2rdacarrier
4900 . ‡aLast kids on earth ; ‡v8
500 . ‡a"Netflix. A Netflix original series"--Cover
520 . ‡aPicking up after Quint and Dirk's Hero Quest, the Last Kids are happily reunited--but quickly faced with a monstrous new mission. Inside an other-dimensional fortress, the evil Thrull, alongside a vile new villain, is carrying out a sinister plan. Jack, Quint, June and Dirk must make their own plans to infiltrate the stronghold before Thrull gets any closer to completing the mysterious Tower, a structure that could ultimately spell doom for this dimension.
650 0. ‡aMonsters ‡vJuvenile fiction. ‡0(LARL_NWRL_CONSORTIUM)166253
650 0. ‡aSurvival ‡vJuvenile fiction.
650 0. ‡aVoyages and travels ‡vJuvenile fiction.
650 0. ‡aSupervillains ‡vJuvenile fiction.
655 7. ‡aAction and adventure fiction. ‡2lcgft
655 7. ‡aHumorous fiction. ‡2lcgft
655 7. ‡aMonster fiction. ‡2lcgft
655 7. ‡aHorror fiction. ‡2lcgft
7001 . ‡aHolgate, Douglas, ‡eillustrator. ‡0(LARL_NWRL_CONSORTIUM)198826
901 . ‡a398057 ‡bOCoLC ‡c398057 ‡tbiblio ‡soclc

Additional Resources